000 00297 a2200145 4500
001 165018
020 _a
040 _cMagnum
100 _aLenharo, Alcir
240 1 0 _aSacralizacao da politica
_lpor
245 1 0 _aSacralizacao da politica
362 0 _a1899
697 _aGERAL
942 _cBK
999 _c165018
_d165018